[Event "Titled Tuesday intern op 29th Aug Early"]
[Site "Chess.com INT"]
[Date "2023.08.29"]
[Round "3"]
[White "Ianovsky, Matias Manuel"]
[Black "Koellner, Aaron Noah"]
[Result "0-1"]
[WhiteElo "2218"]
[BlackElo "2201"]
[PlyCount "60"]
[EventDate "2023.08.29"]
[EventType "swiss (blitz)"]
[EventRounds "11"]
[EventCountry "USA"]
[SourceTitle "EXT 2024"]
[Source "ChessBase"]
[SourceDate "2023.10.10"]
[SourceVersion "1"]
[SourceVersionDate "2023.10.10"]
[SourceQuality "1"]

1. d4 d5 2. Nf3 Nf6 3. c4 c6 4. g3 g6 5. Bg2 Bg7 6. Nc3 dxc4 7. 0-0 0-0 8. h3 a5 9. e4 Na6 10. Qe2 Be6 11. Ng5 Qc8 12. a3 Rd8 13. Rd1 b5 14. d5 cxd5 15. exd5 Bf5 16. Qxe7 Rd7 17. Qe2 Bd3 18. Qf3 h6 19. Nge4 Nxe4 20. Nxe4 f5 21. Nc3 Nc5 22. d6 Rb8 23. Qd5+ Kh7 24. Be3 Nb3 25. Nxb5 Nxa1 26. Rxa1 Rxb5 27. Qxb5 Rxd6 28. Rd1 Qd8 29. h4 c3 30. Qb7 cxb2 0-1

[Event "Titled Tuesday intern op 29th Aug Early"]
[Site "Chess.com INT"]
[Date "2023.08.29"]
[Round "4"]
[White "Koellner, Aaron Noah"]
[Black "Shubenkova, Veronika"]
[Result "0-1"]
[WhiteElo "2201"]
[BlackElo "2050"]
[PlyCount "42"]
[EventDate "2023.08.29"]
[EventType "swiss (blitz)"]
[EventRounds "11"]
[EventCountry "USA"]
[SourceTitle "EXT 2024"]
[Source "ChessBase"]
[SourceDate "2023.10.10"]
[SourceVersion "1"]
[SourceVersionDate "2023.10.10"]
[SourceQuality "1"]

1. d4 d5 2. Nf3 e6 3. e3 Nf6 4. Nbd2 Be7 5. b3 0-0 6. Bb2 b6 7. Ne5 Bb7 8. Bd3 Nbd7 9. Qf3 Nxe5 10. dxe5 Nd7 11. Qh5 g6 12. Qg4 c5 13. h4 h5 14. Qg3 Kh7 15. Qf3 c4 16. bxc4 dxc4 17. Qxb7 cxd3 18. cxd3 Nc5 19. Qf3 Nxd3+ 20. Ke2 Nxb2 21. e4 Qd4 0-1

[Event "Titled Tuesday intern op 01st Aug Early"]
[Site "Chess.com INT"]
[Date "2023.08.01"]
[Round "2"]
[White "Koellner, Aaron Noah"]
[Black "Rangel, Daniel"]
[Result "1-0"]
[WhiteElo "2201"]
[BlackElo "2199"]
[PlyCount "63"]
[EventDate "2023.08.01"]
[EventType "swiss (blitz)"]
[EventRounds "11"]
[EventCountry "USA"]
[SourceTitle "EXT 2024"]
[Source "ChessBase"]
[SourceDate "2023.10.10"]
[SourceVersion "1"]
[SourceVersionDate "2023.10.10"]
[SourceQuality "1"]

1. d4 Nf6 2. Nf3 e6 3. Nbd2 c5 4. e3 b6 5. b3 Bb7 6. Bb2 Be7 7. Bd3 0-0 8. 0-0 d6 9. Qe2 a6 10. Rfd1 Nbd7 11. Rac1 Re8 12. e4 cxd4 13. Nxd4 b5 14. c4 b4 15. f4 e5 16. Nf5 Bf8 17. Bb1 exf4 18. Re1 g6 19. Nd4 Qb6 20. Qf2 Bh6 21. Rcd1 Ng4 22. Qh4 Nde5 23. h3 Ne3 24. Qxh6 Nxd1 25. Rxd1 Nc6 26. N2f3 Ne5 27. Kh1 a5 28. Ng5 Qc6 29. Nxc6 Bxc6 30. Bxe5 Rxe5 31. Qxh7+ Kf8 32. Qxf7# 1-0

[Event "Titled Tuesday intern op 01st Aug Early"]
[Site "Chess.com INT"]
[Date "2023.08.01"]
[Round "7"]
[White "Pershina, Elena"]
[Black "Koellner, Aaron Noah"]
[Result "0-1"]
[WhiteElo "2114"]
[BlackElo "2201"]
[PlyCount "42"]
[EventDate "2023.08.01"]
[EventType "swiss (blitz)"]
[EventRounds "11"]
[EventCountry "USA"]
[SourceTitle "EXT 2024"]
[Source "ChessBase"]
[SourceDate "2023.10.10"]
[SourceVersion "1"]
[SourceVersionDate "2023.10.10"]
[SourceQuality "1"]

1. c4 e5 2. Nc3 Nc6 3. g3 a6 4. Bg2 Bc5 5. e3 Ba7 6. Nge2 d6 7. 0-0 h5 8. d4 h4 9. b3 hxg3 10. hxg3 Qf6 11. Re1 Nge7 12. Bb2 Qh6 13. Nd5 Qh2+ 14. Kf1 Bh3 15. Nef4 exf4 16. Nxf4 Bxg2+ 17. Nxg2 Qh1+ 18. Ke2 Qxg2 19. Rg1 Qe4 20. Qd2 Nf5 21. Rae1 Nfxd4+ 0-1

[Event "Walsrode Chessemy op-A"]
[Site "Walsrode"]
[Date "2023.03.10"]
[Round "7"]
[White "Martin, Dennis"]
[Black "Koellner, Aaron Noah"]
[Result "0-1"]
[WhiteElo "2005"]
[BlackElo "2148"]
[PlyCount "132"]
[EventDate "2023.03.04"]
[EventType "swiss"]
[EventRounds "9"]
[EventCountry "GER"]
[SourceTitle "CBM 213 Extra"]
[Source "ChessBase"]
[SourceDate "2023.05.31"]
[SourceVersion "1"]
[SourceVersionDate "2023.05.31"]
[SourceQuality "1"]

1. d4 d6 2. c4 e5 3. dxe5 dxe5 4. Qxd8+ Kxd8 5. Nc3 Be6 6. e4 c6 7. Bd3 Nd7 8. b3 Kc7 9. Bb2 Nh6 10. Nf3 f6 11. h3 Nf7 12. Ke2 Nc5 13. Bc2 a5 14. Rhd1 Nd6 15. Bc1 Nc8 16. Be3 b6 17. Ne1 g5 18. f3 h5 19. Kf2 h4 20. Ke2 Be7 21. Rab1 Rd8 22. Rxd8 Kxd8 23. Kd2 Kc7 24. Nd3 Nd7 25. Bd1 Bf8 26. Be2 Ne7 27. Kc2 Ng6 28. Bf2 a4 29. Rb2 axb3+ 30. axb3 Ra1 31. Rb1 Rxb1 32. Kxb1 Nf4 33. Nxf4 exf4 34. Kc2 Bb4 35. Bd4 Kd6 36. Na4 c5 37. Bb2 Ba5 38. Nc3 Bxc3 39. Bxc3 Bf7 40. Bd3 Ke6 41. Kd2 Nb8 42. Bc2 Nc6 43. Kd3 Ne7 44. Ke2 Bg6 45. Kd2 f5 46. exf5+ Bxf5 47. Bd1 Bb1 48. Be2 Nf5 49. b4 Ne3 50. bxc5 bxc5 51. Ba5 g4 52. Bb6 Kd6 53. Bd8 g3 54. Bg5 Ke5 55. Be7 Nxg2 56. Bxc5 Bf5 57. Bf1 Bxh3 58. Ke2 Be6 59. Bxg2 Bxc4+ 60. Ke1 Be6 61. Ba7 Kf6 62. Bb8 Kg5 63. Bd6 h3 64. Be7+ Kg6 65. Bf1 h2 66. Bg2 Bh3 0-1

[Event "Walsrode Chessemy op-A"]
[Site "Walsrode"]
[Date "2023.03.09"]
[Round "6"]
[White "Koellner, Aaron Noah"]
[Black "Wahedi, Ahmad Siar"]
[Result "0-1"]
[WhiteElo "2148"]
[BlackElo "2256"]
[PlyCount "60"]
[EventDate "2023.03.04"]
[EventType "swiss"]
[EventRounds "9"]
[EventCountry "GER"]
[SourceTitle "CBM 213 Extra"]
[Source "ChessBase"]
[SourceDate "2023.05.31"]
[SourceVersion "1"]
[SourceVersionDate "2023.05.31"]
[SourceQuality "1"]

1. d4 d6 2. Nf3 h6 3. e4 g5 4. h3 Bg7 5. c3 Nd7 6. Bc4 e6 7. Be3 Ne7 8. Nh2 Ng6 9. Nd2 a6 10. a4 Qe7 11. Ndf1 Nf6 12. Ng3 e5 13. 0-0 Nf4 14. Ng4 h5 15. Nxf6+ Qxf6 16. dxe5 dxe5 17. Bxf4 gxf4 18. Nxh5 Qg6 19. Nxg7+ Qxg7 20. Kh2 Bd7 21. Qd5 f3 22. Rg1 0-0-0 23. Bxa6 c6 24. Qc5 Qh6 25. Rh1 fxg2 26. Kxg2 Bxh3+ 27. Kf3 Qf4+ 28. Ke2 Bg4+ 29. Ke1 Rxh1+ 30. Bf1 Qd2# 0-1

[Event "Schwarzacher op 35th"]
[Site "Schwarzach"]
[Date "2022.07.17"]
[Round "1"]
[White "Palac, Mladen"]
[Black "Koellner, Aaron Noah"]
[Result "1-0"]
[WhiteElo "2519"]
[BlackElo "2172"]
[PlyCount "77"]
[EventDate "2022.07.17"]
[EventType "swiss"]
[EventRounds "9"]
[EventCountry "AUT"]
[SourceTitle "CBM 209 Extra"]
[Source "ChessBase"]
[SourceDate "2022.09.30"]
[SourceVersion "1"]
[SourceVersionDate "2022.09.30"]
[SourceQuality "1"]

1. d4 d5 2. c4 e6 3. Nf3 Nf6 4. Nc3 Be7 5. cxd5 exd5 6. Bf4 c6 7. e3 Qb6 8. a3 Bf5 9. b4 Nbd7 10. Be2 Ne4 11. Nxe4 Bxe4 12. 0-0 0-0 13. Nd2 Bg6 14. Nb3 Rfe8 15. f3 a6 16. Qd2 Qa7 17. Rfc1 Rac8 18. Bf1 Bf5 19. Ra2 h6 20. a4 Be6 21. Bd3 Bf8 22. Rb2 Nb6 23. Nc5 Nd7 24. a5 Be7 25. Qf2 Nf8 26. Qg3 Kh8 27. Be5 f6 28. Bf4 g5 29. Nxe6 Nxe6 30. Qh3 Bf8 31. Qf5 Re7 32. Qxf6+ Bg7 33. Qxe7 Nxf4 34. Bb1 Nh5 35. Rxc6 Qb8 36. Rxh6+ Kg8 37. Bh7+ Kh8 38. Bf5+ Kg8 39. Be6# 1-0

[Event "Oberliga Wuerttemberg 2122"]
[Site "Wuerttemberg"]
[Date "2022.04.10"]
[Round "8.4"]
[White "Kill, Matthias"]
[Black "Koellner, Aaron Noah"]
[Result "0-1"]
[WhiteElo "2049"]
[BlackElo "2162"]
[PlyCount "68"]
[EventDate "2021.09.19"]
[EventType "team-tourn"]
[EventRounds "9"]
[EventCountry "GER"]
[SourceTitle "EXT 2023"]
[Source "ChessBase"]
[SourceDate "2022.10.05"]
[SourceVersion "1"]
[SourceVersionDate "2022.10.05"]
[SourceQuality "1"]
[WhiteTeam "Ulm Weisse Dame"]
[BlackTeam "Deizisau II"]
[WhiteTeamCountry "GER"]
[BlackTeamCountry "GER"]

1. Nf3 d5 2. d4 Nf6 3. c4 c6 4. e3 Bg4 5. h3 Bh5 6. Qb3 Qb6 7. Nh4 e6 8. Nc3 Be7 9. g4 Bg6 10. Nxg6 hxg6 11. Bg2 dxc4 12. Qxc4 Nbd7 13. Bd2 0-0 14. 0-0-0 Rac8 15. g5 Nh5 16. h4 c5 17. d5 Ne5 18. Qe4 Bd6 19. Bf1 c4 20. Be1 exd5 21. Nxd5 Qc6 22. Nc3 Qa6 23. f4 Nd7 24. Qf3 Nc5 25. Kb1 Rfe8 26. Bd2 b5 27. a3 Nb3 28. Nd5 Nxd2+ 29. Rxd2 Qa5 30. Rd1 c3 31. Nxc3 Bxa3 32. Nxb5 Bxb2 33. Kxb2 Qb4+ 34. Ka1 Rc2 0-1

[Event "Cattolica Primavera op"]
[Site "Cattolica"]
[Date "2022.03.17"]
[Round "2"]
[White "Koellner, Aaron Noah"]
[Black "Sala, Giulia"]
[Result "1-0"]
[WhiteElo "2190"]
[BlackElo "2057"]
[PlyCount "79"]
[EventDate "2022.03.16"]
[EventType "swiss"]
[EventRounds "9"]
[EventCountry "ITA"]
[SourceTitle "CBM 207 Extra"]
[Source "ChessBase"]
[SourceDate "2022.05.31"]
[SourceVersion "1"]
[SourceVersionDate "2022.05.31"]
[SourceQuality "1"]

1. d4 Nf6 2. Bg5 g6 3. Bxf6 exf6 4. g3 Bg7 5. c4 f5 6. Bg2 Nc6 7. e3 Qe7 8. Ne2 d6 9. Nbc3 h5 10. 0-0 h4 11. b4 Qd7 12. Qb3 Ne7 13. a4 hxg3 14. hxg3 0-0 15. a5 Rb8 16. b5 g5 17. Rac1 Ng6 18. Nd5 Ra8 19. c5 c6 20. Nb4 d5 21. a6 f4 22. axb7 Bxb7 23. bxc6 Bxc6 24. Nxc6 Qxc6 25. Bxd5 Qd7 26. c6 Qg4 27. c7 Rac8 28. Qd3 Ne7 29. Bb7 f3 30. Rfe1 fxe2 31. Qb5 f5 32. d5 Be5 33. Bxc8 Nxc8 34. Qxe2 Qh3 35. Qf3 Rf7 36. Rc6 Qh7 37. d6 Bxd6 38. Qd5 Kh8 39. Rxd6 Ne7 40. Rd8+ 1-0

[Event "Cattolica Primavera op"]
[Site "Cattolica"]
[Date "2022.03.17"]
[Round "3"]
[White "Ohanyan, Emin"]
[Black "Koellner, Aaron Noah"]
[Result "1-0"]
[WhiteElo "2379"]
[BlackElo "2190"]
[PlyCount "119"]
[EventDate "2022.03.16"]
[EventType "swiss"]
[EventRounds "9"]
[EventCountry "ITA"]
[SourceTitle "CBM 207 Extra"]
[Source "ChessBase"]
[SourceDate "2022.05.31"]
[SourceVersion "1"]
[SourceVersionDate "2022.05.31"]
[SourceQuality "1"]

1. e4 c5 2. Nf3 e6 3. d4 cxd4 4. Nxd4 a6 5. Bd3 Qc7 6. c4 Nc6 7. Nxc6 dxc6 8. 0-0 Bc5 9. Kh1 e5 10. f4 Bd4 11. f5 Nf6 12. Nc3 Bd7 13. Ne2 Bc5 14. a3 a5 15. Qe1 Ng4 16. h3 h5 17. g3 Qd6 18. Bc2 Nf6 19. Bg5 Nh7 20. Rd1 Qc7 21. Bd2 Be7 22. Kg2 b6 23. g4 hxg4 24. hxg4 0-0-0 25. b4 axb4 26. axb4 g6 27. Ng3 Rdg8 28. Qe2 Bh4 29. Ra1 Kb7 30. c5 b5 31. Ra3 Nf6 32. Rfa1 Qb8 33. Ra6 Bxg3 34. Kxg3 gxf5 35. Rb6+ Kc7 36. exf5 Rxg4+ 37. Qxg4 Nxg4 38. Rxb8 Kxb8 39. Kxg4 Rh2 40. Rd1 Kc7 41. Kg3 Rh5 42. Kg4 Rh2 43. Kg5 Re2 44. Bd3 Rf2 45. Kf6 Be6 46. Be3 Rf3 47. Be4 Rxe3 48. fxe6 fxe6 49. Kxe5 Rb3 50. Rd6 Rxb4 51. Rxc6+ Kd7 52. Rd6+ Kc7 53. Rxe6 Rc4 54. Re7+ Kd8 55. Rh7 b4 56. Bd5 Rg4 57. Kd6 Rg6+ 58. Be6 Rg8 59. Rc7 b3 60. Rc8# 1-0

[Event "Cattolica Primavera op"]
[Site "Cattolica"]
[Date "2022.03.16"]
[Round "1"]
[White "Dardha, Daniel"]
[Black "Koellner, Aaron Noah"]
[Result "1-0"]
[WhiteElo "2540"]
[BlackElo "2190"]
[PlyCount "137"]
[EventDate "2022.03.16"]
[EventType "swiss"]
[EventRounds "9"]
[EventCountry "ITA"]
[SourceTitle "CBM 207 Extra"]
[Source "ChessBase"]
[SourceDate "2022.05.31"]
[SourceVersion "1"]
[SourceVersionDate "2022.05.31"]
[SourceQuality "1"]

1. d4 d5 2. c4 e6 3. Nf3 Nf6 4. g3 Bb4+ 5. Bd2 Be7 6. Bg2 0-0 7. 0-0 Nbd7 8. Qc2 c6 9. Rd1 b6 10. Bf4 Ba6 11. cxd5 cxd5 12. Ne5 Qc8 13. Nc6 Bd8 14. Rc1 Qb7 15. Nxd8 Rfxd8 16. Nc3 Rac8 17. Qd2 Rc4 18. b3 Rc6 19. a3 Qa8 20. Bf3 Rdc8 21. Qb2 Ne4 22. Na2 Rxc1+ 23. Rxc1 Ndf6 24. Bg2 Rxc1+ 25. Qxc1 Nd7 26. f3 Nef6 27. Nc3 Qc8 28. e4 dxe4 29. fxe4 e5 30. dxe5 Qc5+ 31. Be3 Qxe5 32. Qd2 h5 33. Qd4 Qe7 34. h3 Qe6 35. Bf4 Nc5 36. b4 Ncd7 37. e5 Ne8 38. Ne4 Nf8 39. Ng5 Qc4 40. Qd1 Nc7 41. Qxh5 Ng6 42. e6 Nxe6 43. Qh7+ Kf8 44. Bd6+ Ke8 45. Nxe6 Kd7 46. Nf8+ Kxd6 47. Qxg7 Qc1+ 48. Kh2 Nxf8 49. Qxf8+ Ke6 50. Qd8 Bc8 51. h4 Qc2 52. Qd5+ Kf6 53. Qc6+ Qxc6 54. Bxc6 a5 55. Kg2 axb4 56. axb4 Bf5 57. Kf3 Ke5 58. Ke3 Bh7 59. Be8 Ke6 60. Kf4 Kf6 61. Bc6 Ke6 62. Be4 Bg8 63. h5 f5 64. Bxf5+ Kf6 65. g4 Bc4 66. g5+ Kg7 67. h6+ Kh8 68. g6 b5 69. Kg5 1-0

[Event "Reinstorf Blitz op"]
[Site "Reinstorf"]
[Date "2022.02.04"]
[Round "4"]
[White "Koellner, Aaron Noah"]
[Black "Muedder, Melanie"]
[Result "0-1"]
[WhiteElo "2155"]
[BlackElo "1831"]
[PlyCount "84"]
[EventDate "2022.01.29"]
[EventType "swiss (blitz)"]
[EventRounds "9"]
[EventCountry "GER"]
[SourceTitle "CBM 206 Extra"]
[Source "ChessBase"]
[SourceDate "2022.03.31"]
[SourceVersion "1"]
[SourceVersionDate "2022.03.31"]
[SourceQuality "1"]

1. d4 Nf6 2. Nf3 g6 3. Nbd2 d5 4. e3 Bg7 5. b4 0-0 6. Bb2 b6 7. c4 c5 8. dxc5 bxc5 9. b5 a6 10. cxd5 Qxd5 11. Bc4 Qb7 12. a4 axb5 13. axb5 Rxa1 14. Qxa1 Bd7 15. Qa5 Ne4 16. Bxg7 Kxg7 17. 0-0 Nd6 18. b6 Nxc4 19. Nxc4 Bc6 20. Nce5 Bxf3 21. gxf3 Nc6 22. Qxc5 Nxe5 23. Qxe5+ f6 24. Qc7 Qxf3 25. Rb1 Qg4+ 26. Qg3 Qe4 27. Rb2 Qa4 28. Rb1 Qe4 29. Rc1 Qb4 30. Qc7 Qg4+ 31. Kf1 Qh3+ 32. Ke1 Qf5 33. b7 Qb5 34. Qxe7+ Rf7 35. Qd8 Rxb7 36. Rc8 Qb4+ 37. Ke2 Qb5+ 38. Kf3 Qf5+ 39. Kg2 Qg4+ 40. Kf1 Rb1+ 41. Rc1 Rxc1+ 42. Qd1 Rxd1# 0-1

[Event "Reinstorf op"]
[Site "Reinstorf"]
[Date "2022.02.01"]
[Round "4"]
[White "Koellner, Aaron Noah"]
[Black "Gschnitzer, Adrian"]
[Result "1/2-1/2"]
[WhiteElo "2167"]
[BlackElo "2405"]
[PlyCount "115"]
[EventDate "2022.01.29"]
[EventType "swiss"]
[EventRounds "9"]
[EventCountry "GER"]
[SourceTitle "CBM 206 Extra"]
[Source "ChessBase"]
[SourceDate "2022.03.31"]
[SourceVersion "1"]
[SourceVersionDate "2022.03.31"]
[SourceQuality "1"]

1. d4 Nf6 2. Nf3 d5 3. e3 e6 4. Nbd2 b6 5. b3 Bb7 6. Bd3 Bd6 7. Bb2 0-0 8. 0-0 c5 9. Ne5 Nbd7 10. f4 Ne4 11. Bxe4 dxe4 12. Ndc4 Be7 13. Nxd7 Qxd7 14. dxc5 Qxd1 15. Rfxd1 Bxc5 16. Bd4 Be7 17. Be5 Rfd8 18. Kf2 Rac8 19. Rxd8+ Rxd8 20. Bd4 f6 21. Ke1 Rd5 22. Rd1 Ba6 23. Nd2 Rh5 24. c4 Rxh2 25. Kf2 f5 26. Nf1 Rh6 27. Be5 Bc8 28. Bb8 a6 29. Bc7 b5 30. Be5 b4 31. c5 Kf7 32. c6 g5 33. c7 Rg6 34. Rd8 Rg8 35. Rxg8 Kxg8 36. Nd2 gxf4 37. Bxf4 Kf7 38. Nc4 Bc5 39. Bd6 Ba7 40. Bxb4 Ke8 41. Bd6 Kd7 42. Bf4 Bb7 43. Ke2 Bd5 44. Nd6 Kxc7 45. Nxf5+ Kc6 46. Ng3 Bc5 47. Kd2 Be7 48. Be5 Kb5 49. Kc3 Bc5 50. Bf4 a5 51. Nh5 Be7 52. g4 a4 53. Be5 Bg5 54. bxa4+ Kxa4 55. Kd4 Bxa2 56. Bf6 e5+ 57. Bxe5 Be6 58. Nf6 1/2-1/2

[Event "Sousse BICA op 1st"]
[Site "Sousse"]
[Date "2021.12.27"]
[Round "5"]
[White "Sumets, Andrey"]
[Black "Koellner, Aaron Noah"]
[Result "1-0"]
[WhiteElo "2524"]
[BlackElo "2155"]
[PlyCount "81"]
[EventDate "2021.12.24"]
[EventType "swiss"]
[EventRounds "9"]
[EventCountry "TUN"]
[SourceTitle "CBM 205 Extra"]
[Source "ChessBase"]
[SourceDate "2022.01.31"]
[SourceVersion "1"]
[SourceVersionDate "2022.01.31"]
[SourceQuality "1"]

1. e4 c5 2. Nf3 e6 3. d4 cxd4 4. Nxd4 Nc6 5. Nc3 Qc7 6. Be3 a6 7. Qf3 Bd6 8. 0-0-0 Be5 9. Nde2 b5 10. Qh3 Bb7 11. f4 Bf6 12. e5 Be7 13. Ng3 Rc8 14. Bd3 Nb4 15. a3 Nxd3+ 16. Rxd3 a5 17. Qg4 g6 18. Qd1 b4 19. Nb5 Qc4 20. Na7 Ra8 21. Rxd7 Bd5 22. Rxd5 exd5 23. b3 Qa6 24. Qd4 bxa3 25. f5 f6 26. e6 Kf8 27. Rd1 Rd8 28. Kb1 Qd6 29. Qg4 Qb4 30. Bd4 Nh6 31. Qh4 Kg7 32. Nc6 a2+ 33. Ka1 Qd6 34. Nh5+ Kf8 35. Nxe7 g5 36. Qh3 Qxe7 37. Bxf6 Qc5 38. e7+ Kf7 39. exd8Q Rxd8 40. Bxd8 Qxc2 41. Qd3 1-0

[Event "Sousse BICA op 1st"]
[Site "Sousse"]
[Date "2021.12.26"]
[Round "4"]
[White "Koellner, Aaron Noah"]
[Black "Elshaafi, Ali"]
[Result "1-0"]
[WhiteElo "2155"]
[BlackElo "1950"]
[PlyCount "105"]
[EventDate "2021.12.24"]
[EventType "swiss"]
[EventRounds "9"]
[EventCountry "TUN"]
[SourceTitle "CBM 205 Extra"]
[Source "ChessBase"]
[SourceDate "2022.01.31"]
[SourceVersion "1"]
[SourceVersionDate "2022.01.31"]
[SourceQuality "1"]

1. d4 d5 2. c4 e6 3. Nc3 Nf6 4. cxd5 exd5 5. Bg5 Be7 6. e3 0-0 7. Bd3 c6 8. h3 b6 9. Bxf6 Bxf6 10. Qc2 g6 11. Nf3 Ba6 12. 0-0 Bxd3 13. Qxd3 Nd7 14. Rac1 Rc8 15. Qa6 Rc7 16. Rc2 Qc8 17. Qa4 Qb7 18. Rfc1 Rfc8 19. b4 b5 20. Qb3 Nb6 21. a4 a6 22. Ra1 Ra8 23. Rca2 Rcc8 24. Ne1 Rcb8 25. Nd3 Nc4 26. Nc5 Qc8 27. axb5 axb5 28. Nd7 Rxa2 29. Nxf6+ Kg7 30. Nh5+ Kh6 31. Qxa2 Kxh5 32. e4 dxe4 33. Qe2+ Kh6 34. Qxe4 Qe8 35. Qf4+ Kg7 36. Ra7 Rd8 37. Ne4 h6 38. Qf6+ Kg8 39. Re7 Qf8 40. Nc5 Rd6 41. Qh4 Nd2 42. Rb7 Qe8 43. Re7 Qa8 44. Re1 Kg7 45. Qe7 Qd8 46. Ne6+ Rxe6 47. Rxe6 Qxd4 48. h4 h5 49. Rd6 Qa1+ 50. Kh2 Nf1+ 51. Kh3 Qc3+ 52. f3 Ne3 53. Rd8 1-0